Las tácticas de poder de Jesucristo y otros ensayos

Enregistré dans:
Détails bibliographiques
Auteur principal: Haley, Jay (Auteur)
Format: Livre
Langue:espagnol
Publié: Barcelona Paidós 1991
Collection:Terapia Familiar, 39
Sujets:
Tags: Ajouter un tag
Pas de tags, Soyez le premier à ajouter un tag!

MARC

LEADER 00000nam a2200000 a 4500
001 UCI2816
003 CL-VaPUC
008 070928e19910000SP |||||||||||||||||spa|d
020 |a 8475096727 
082 0 4 |a 616.89156  |b HAL  |2 21 
100 |a Haley, Jay  |e author  |9 523991 
245 1 4 |a Las tácticas de poder de Jesucristo y otros ensayos 
300 |a 156 p 
942 |c BK 
945 |d 20070928 00:00:00  |a rbrito 
260 |a Barcelona  |b Paidós  |c 1991 
650 0 |a Psicoanálisis   |9 265702 
650 7 |a PSICOTERAPIA  |2 CL-VaPUC  |9 523992 
650 7 |a TERAPIA CLINICA  |2 CL-VaPUC  |9 523993 
650 0 |a Esquizofrenia  |9 312163 
583 |a last modification  |c 20070928 00:00:00  |k Rodrigo Vera 
490 0 |a Terapia Familiar, 39 
999 |c 327239  |d 327237 
952 |0 0  |1 0  |4 0  |6 616_891560000000000_HAL_1991  |7 0  |8 A  |9 409798  |a BIBEDU  |b BIBEDU  |d 2019-11-22  |i 4374398  |o 616.89156 HAL 1991  |p 4374398  |r 2019-11-22  |w 2019-11-22  |y BK  |k PSI